000 00790cam a22002897a 4500
001 16178061
003 OSt
005 20140410092031.0
008 100408s2009 nyu c 000 1 eng
010 _a 2010278036
020 _a9780545197809
020 _a0545100682 (pbk.)
040 _aDLC
_cDLC
050 0 0 _aPZ 7
_b.K88 2010
100 1 _aKowitt, Holly.
_914729
245 1 4 _aThe sweetheart deal /
_cHolly Kowitt.
260 _aNew York :
_bScholastic,
_c2010.
300 _a182 p. :
_c20 cm.
521 _aG4
526 _c600
906 _a7
_bcbc
_corigres
_d4
_encip
_f20
_gy-gencatlg
942 _2lcc
_cBK
999 _c34617
_d34617